بنگان میں ارد و ناولٹ نگاری / (Record no. 191715)

MARC details
000 -LEADER
fixed length control field 00740nam a22001937a 4500
005 - DATE AND TIME OF LATEST TRANSACTION
control field 20220901120137.0
010 ## - LCCN (DPL NO)
LC control number UR-11695
020 ## - INTERNATIONAL STANDARD BOOK NUMBER
International Standard Book Number 9789392496554
Terms of availability 300.00
035 ## - SYSTEM CONTROL NUMBER
System control number U-10250
037 ## - SOURCE OF ACQUISITION
Source of stock number/acquisition DBAD/PUB
Stock number -
082 ## - DEWEY DECIMAL CLASSIFICATION NUMBER
Classification number 843.085414
100 ## - MAIN ENTRY--PERSONAL NAME
Personal name ایم ، نصر الّاہ نصر
245 ## - TITLE STATEMENT
Title بنگان میں ارد و ناولٹ نگاری /
Statement of responsibility, etc ایم ، نصر الّاہ نصر
Medium ا ر د و
246 ## - VARYING FORM OF TITLE
Title proper/short title Bengal Mein Urdu Novel Nigari: a critical approach to urdu novelette /
Remainder of title by M. Nasrullah Nasr
260 ## - PUBLICATION, DISTRIBUTION, ETC. (IMPRINT)
Place of publication, distribution, etc New Delhi
Name of publisher, distributor, etc Educational Publishing House
Date of publication, distribution, etc 2022 ء
270 ## - ADDRESS
Address H.O. D1/16, Ansari Road, Daryaganj
City New Delhi
Postal code 110002
300 ## - PHYSICAL DESCRIPTION
Extent 192 ص
Dimensions 22cm(Hb)
942 ## - ADDED ENTRY ELEMENTS (KOHA)
Source of classification or shelving scheme Dewey Decimal Classification
Item type Urdu Bks
Classification part 843.085414
Call number suffix ا ی م
Holdings
Withdrawn status Lost status Not for loan Collection code Home library Current library Date acquired Source of acquisition Cost, normal purchase price Full call number Barcode Copy number Cost, replacement price Koha item type
      Non-fiction Sarojini Nagar Sarojini Nagar 01/09/2022 DBAD/PUB 300.00 843.085414 ا ی م U-10250 1 300.00 Urdu Bks

© Delhi Public Library
Hit Counter
free hit counter